[Event "4NCL Rapid Team 2014"]
[Site "Daventry ENG"]
[Date "2014.10.04"]
[Round "3.1"]
[White "Roberson, Peter T"]
[Black "Batchelor, Guy J"]
[Result "0-1"]
[WhiteTitle "IM"]
[WhiteElo "2415"]
[BlackElo "1857"]
[WhiteTeam "Sons of Anarchy Grantham 1"]
[BlackTeam "Sons of Anarchy Grantham 2"]
[WhiteFideId "412384"]
[BlackFideId "423106"]
[EventDate "2014.10.04"]
[EventType "team (rapid)"]

1. e4 c5 2. Nc3 e6 3. f4 Nc6 4. Nf3 Nge7 5. g3 d5 6. d3 g6 7. Bg2 Bg7 8. O-O O-O
9. Qe1 b6 10. g4 dxe4 11. dxe4 Ba6 12. Rf2 Nd4 13. Be3 Nec6 14. Rd1 Qc7 15. e5
Rad8 16. Ne4 Bc4 17. g5 Nf5 18. Rfd2 Rxd2 19. Rxd2 Rd8 20. Nf6+ Bxf6 21. gxf6
Rxd2 22. Nxd2 Bd5 23. Ne4 Ncd4 24. Bxd4 cxd4 25. Qd2 Qc6 26. Ng5 Bxg2 27. Qxg2
Qxg2+ 28. Kxg2 Ne3+ 29. Kf3 Nxc2 30. Ke4 Nb4 31. a3 Nc2 32. Nf3 Ne3 33. Nxd4 Nc4
34. Nb5 a6 35. Nc7 a5 36. Kd4 Nxb2 37. Na8 b5 38. Nc7 b4 39. axb4 axb4 40. Na6
b3 41. Nc5 Nd1 42. Nxb3 Nf2 43. Nd2 Ng4 44. Nf3 h5 45. h3 Nh6 46. Ke4 Kf8 47.
Ng5 Nf5 48. Nf3 Ke8 49. Kd3 Kf8 50. Nd4 Nh6 51. Kc4 Ng8 52. Kc5 Ke8 53. Kd6 Nh6
54. Kc7 Ng8 55. Nb5 Kf8 56. Nd6 Nh6 57. Kd7 Ng8 58. Kc8 Nh6 59. Kd8 Ng8 60. Kc7
Nh6 61. Kc6 Ng8 62. Kc5 Nh6 63. Kd4 Kg8 64. Ke3 Kf8 65. Kf3 h4 66. Ne4 Ke8 67.
Nd6+ Kf8 68. Nc4 Kg8 69. Ne3 Kh7 70. Ng2 Nf5 71. Kg4 Kh6 72. Nxh4 Ne3+ 73. Kf3
Nd5 74. Kg3 g5 75. fxg5+ Kxg5 76. Nf3+ Kf5 77. h4 Nf4 78. Kf2 Nd3+ 0-1

[Event "4NCL Rapid Team 2014"]
[Site "Daventry ENG"]
[Date "2014.10.04"]
[Round "3.1"]
[White "Summerscale, Claire E"]
[Black "Grund, Holger"]
[Result "0-1"]
[WhiteElo "1936"]
[BlackElo "2415"]
[WhiteTeam "Sons of Anarchy Grantham 2"]
[BlackTeam "Sons of Anarchy Grantham 1"]
[WhiteFideId "410926"]
[BlackFideId "4624475"]
[EventDate "2014.10.04"]
[EventType "team (rapid)"]

1. d4 d5 2. Nc3 c6 3. e4 dxe4 4. Nxe4 Bf5 5. Ng3 Bg6 6. Nf3 e6 7. Bd3 Nf6 8.
Bxg6 hxg6 9. Be3 Bd6 10. Qd3 Nbd7 11. O-O-O a5 12. Rhe1 a4 13. a3 b5 14. Ne5
Nxe5 15. dxe5 Bxe5 16. Qxd8+ Rxd8 17. Bb6 Rxd1+ 18. Rxd1 Nd7 19. Bd4 Bxd4 20.
Rxd4 Rxh2 21. Rd6 Ne5 22. Kd1 Rxg2 23. Ke2 Ke7 0-1

[Event "4NCL Rapid Team 2014"]
[Site "Daventry ENG"]
[Date "2014.10.04"]
[Round "3.2"]
[White "Josse, Mark"]
[Black "Smerdon, David"]
[Result "0-1"]
[BlackTitle "GM"]
[WhiteElo "2174"]
[BlackElo "2506"]
[WhiteTeam "Metropolitan Police"]
[BlackTeam "Guildford"]
[WhiteFideId "414476"]
[BlackFideId "3202305"]
[EventDate "2014.10.04"]

1. e4 e6 2. d4 d5 3. Nd2 c5 4. Ngf3 Nf6 5. e5 Nfd7 6. c3 Be7 7. Bd3 b6 8. Ne4
Ba6 9. Bxa6 Nxa6 10. Nd6+ Bxd6 11. exd6 O-O 12. Bf4 Nf6 13. O-O Ne4 14. Qa4 Nb8
15. dxc5 Nxc5 16. Qb5 Ne4 17. c4 Nxd6 18. Bxd6 Qxd6 19. cxd5 Qxd5 20. Qxd5 exd5
21. Rfd1 Rd8 22. Rac1 Na6 23. a3 Nc5 24. g3 Kf8 25. b4 Ne6 26. Nd4 Rd6 27. Nxe6+
fxe6 28. Rc7 a5 29. b5 Re8 30. f4 Re7 31. Rdc1 d4 32. Kf2 d3 33. Rxe7 Kxe7 34.
Ke3 a4 35. Rd1 d2 36. g4 Rd5 37. h4 Kd6 38. h5 h6 39. Ke2 Kc5 40. f5 exf5 41.
gxf5 Re5+ 42. Kd3 Rxf5 43. Kc3 Rd5 44. Kc2 Kc4 0-1

[Event "4NCL Rapid Team 2014"]
[Site "Daventry ENG"]
[Date "2014.10.04"]
[Round "3.2"]
[White "Flear, Glenn C"]
[Black "Briscoe, Chris"]
[Result "0-1"]
[WhiteTitle "GM"]
[BlackTitle "CM"]
[WhiteElo "2462"]
[BlackElo "2201"]
[WhiteTeam "Guildford"]
[BlackTeam "Metropolitan Police"]
[WhiteFideId "400165"]
[BlackFideId "408360"]
[EventDate "2014.10.04"]

1. d4 Nf6 2. c4 e6 3. Nc3 Bb4 4. Qc2 O-O 5. a3 Bxc3+ 6. Qxc3 Ne4 7. Qc2 d5 8. e3
c5 9. Bd3 Nc6 10. Bxe4 dxe4 11. dxc5 Ne5 12. Qxe4 Nd3+ 13. Ke2 Nxc5 14. Qc2 Qf6
15. f3 Bd7 16. Bd2 Ba4 17. Qc3 Qg6 18. Nh3 e5 19. Rag1 Rad8 20. Nf2 Rfe8 21. g4
Bc2 22. h4 Bd3+ 23. Ke1 Qc6 24. e4 Na4 25. Qb4 a5 26. Qb5 Bxc4 27. Qxc6 bxc6 28.
Bxa5 Rd4 29. Nd1 Rd3 30. Kf2 Bb3 31. Ne3 c5 32. Rc1 Ra8 33. Bc3 Nxc3 34. Rxc3
Rd2+ 35. Kg3 Rxb2 36. Rxc5 Re2 37. Rc3 Be6 38. Rb1 g6 39. Rb5 Ra2 40. Rxe5 R8xa3
41. Rxa3 Rxa3 42. Kf4 h6 43. Rb5 Kg7 44. g5 Ra1 45. Nc2 Rh1 46. Kg3 Rh3+ 47. Kf2
Rh2+ 48. Kg3 Rxc2 49. f4 Rc3+ 50. Kg2 Bg4 51. Re5 Re3 52. Kf2 Rf3+ 53. Kg2 h5 0-1

[Event "4NCL Rapid Team 2014"]
[Site "Daventry ENG"]
[Date "2014.10.04"]
[Round "3.2"]
[White "Wadsworth, Matthew J"]
[Black "Waters, Andrew C"]
[Result "1-0"]
[WhiteElo "2135"]
[BlackElo "1810"]
[WhiteTeam "Guildford"]
[BlackTeam "Metropolitan Police"]
[WhiteFideId "415804"]
[BlackFideId "417998"]
[EventDate "2014.10.04"]

1. e4 Nf6 2. e5 Nd5 3. d4 d6 4. Nf3 dxe5 5. Nxe5 c6 6. Be2 Bf5 7. O-O Nd7 8. Nf3
e6 9. a3 Be7 10. c4 N5f6 11. Nc3 O-O 12. Be3 h6 13. Rc1 Ne4 14. Nxe4 Bxe4 15.
Nd2 Bh7 16. Bf3 Nf6 17. b4 Bd6 18. Qb3 Rc8 19. Rfd1 Bb8 20. a4 Qc7 21. g3 Rfd8
22. b5 cxb5 23. axb5 Qe7 24. Bg2 Ng4 25. c5 Nxe3 26. Qxe3 b6 27. Bc6 e5 28. Nc4
bxc5 29. dxc5 e4 30. f3 a6 31. Nb6 Rxd1+ 32. Rxd1 Ba7 33. Nxc8 Bxc5 34. Nxe7+ 1-0

[Event "4NCL Rapid Team 2014"]
[Site "Daventry ENG"]
[Date "2014.10.04"]
[Round "3.3"]
[White "Poobalasingam, Peter S"]
[Black "Mayhew, Andrew"]
[Result "1-0"]
[WhiteTitle "FM"]
[WhiteElo "2239"]
[BlackElo "2120"]
[WhiteTeam "Barbican 2"]
[BlackTeam "RSJ"]
[WhiteFideId "410683"]
[BlackFideId "405493"]
[EventDate "2014.10.04"]

1. d4 Nf6 2. Nf3 g6 3. g3 Bg7 4. Bg2 O-O 5. c4 c5 6. O-O d6 7. Nc3 Nc6 8. h3 a6
9. dxc5 dxc5 10. Be3 Be6 11. b3 Qa5 12. Na4 Ne4 13. Rc1 Nb4 14. Qe1 Rac8 15. Nd2
Nd6 16. a3 Nc6 17. Bxc5 b5 18. Bb6 bxa4 19. Bxa5 Nxa5 20. c5 Nf5 21. bxa4 Bb2
22. Rc2 Bxa3 23. Nb1 Bxc5 24. Qxa5 Bxf2+ 25. Rxf2 Rxc2 26. Kh2 Rb8 27. Nc3 Rb3
28. Ne4 h5 29. Qd8+ Kg7 30. Ng5 Re3 31. g4 hxg4 32. hxg4 Nh6 33. Nxe6+ Rxe6 34.
Bf3 Rc4 35. Rg2 Rxa4 36. Qd5 Rb4 37. Qc5 Rbb6 38. Bd5 Red6 39. e4 e6 40. Ba8 f6
41. g5 Ng8 42. gxf6+ 1-0

[Event "4NCL Rapid Team 2014"]
[Site "Daventry ENG"]
[Date "2014.10.04"]
[Round "3.3"]
[White "Snape, Ian L"]
[Black "Jackson, James P"]
[Result "0-1"]
[BlackTitle "FM"]
[WhiteElo "2172"]
[BlackElo "2336"]
[WhiteTeam "RSJ"]
[BlackTeam "Barbican 2"]
[WhiteFideId "404489"]
[BlackFideId "416860"]
[EventDate "2014.10.04"]

1. c4 Nf6 2. d4 c5 3. d5 e6 4. Nc3 exd5 5. cxd5 d6 6. e4 g6 7. f4 Bg7 8. Bb5+
Nfd7 9. a4 O-O 10. Nge2 Na6 11. O-O Nc7 12. Bd3 a6 13. Be3 Rb8 14. a5 b5 15.
axb6 Rxb6 16. Rb1 Re8 17. Qd2 Rb8 18. e5 dxe5 19. f5 e4 20. Bxe4 Nb5 21. fxg6
hxg6 22. Bg5 Qb6 23. Na4 Qd6 24. Qc2 Be5 25. Bf4 Bxf4 26. Nxf4 Nd4 27. Qf2 Rxe4
28. Ne6 f5 29. Rbe1 Rxe1 30. Rxe1 Nf6 31. Qh4 Ne4 32. Qh6 Bxe6 33. Qxg6+ Kf8 34.
Qh6+ Ke8 35. dxe6 Nxe6 36. Qg6+ Kd7 37. h4 Qd4+ 38. Kh2 Qe5+ 39. Kg1 Qd4+ 40.
Kh2 Rh8 41. h5 Qf6 42. Rd1+ Ke7 43. Kg1 Qxg6 44. hxg6 Kf6 45. Rd7 Ra8 46. Nc3
Nxc3 47. bxc3 a5 48. Rd6 a4 49. g7 a3 50. Ra6 Rg8 51. Rxa3 Rxg7 52. Kf2 Rg4 53.
g3 Ng5 54. Ra6+ Ke5 55. Ke2 Ne4 56. Rc6 Rxg3 57. c4 f4 58. Rc8 Re3+ 59. Kf1 Kd4
60. Rf8 f3 0-1

[Event "4NCL Rapid Team 2014"]
[Site "Daventry ENG"]
[Date "2014.10.04"]
[Round "3.3"]
[White "Buchicchio, Giampaolo"]
[Black "Talsma, Paul"]
[Result "1/2-1/2"]
[WhiteTitle "FM"]
[WhiteElo "2295"]
[BlackElo "2193"]
[WhiteTeam "Barbican 2"]
[BlackTeam "RSJ"]
[WhiteFideId "811491"]
[BlackFideId "1018779"]
[EventDate "2014.10.04"]

1. e4 e5 2. d4 exd4 3. Nf3 Nc6 4. Nxd4 Nf6 5. Nxc6 bxc6 6. e5 Qe7 7. Qe2 Nd5 8.
c4 Nb6 9. Nd2 g6 10. b3 Bg7 11. Bb2 a5 12. g3 O-O 13. Bg2 Ba6 14. O-O Rfe8 15.
Rfe1 d5 16. Rac1 Rab8 17. f4 a4 18. Qf2 axb3 19. axb3 Qd7 20. Ra1 Bc8 21. Rad1
Qf5 22. Nf3 Qh5 23. c5 Nd7 24. Nd4 Nxc5 25. Nxc6 Rxb3 26. Qxc5 Rxb2 27. Ne7+ Kh8
28. Nxc8 Rxc8 29. Qxd5 Rcb8 30. Qd7 Re2 31. Rxe2 Qxe2 32. Qd2 Qb5 33. Kh1 Kg8
34. Be4 Qc4 35. Bd5 Qc5 36. Rc1 Qb5 37. Qa2 Rf8 38. Kg2 c5 39. Rc2 Qb4 40. Qa7
Qd4 41. Rxc5 Kh8 42. Qc7 Qd2+ 43. Kh3 Qe2 44. Rc2 Qd3 45. Bb7 h5 46. Kg2 Qe3 47.
Bf3 h4 48. Rf2 h3+ 49. Kf1 Qd3+ 50. Ke1 Qb1+ 51. Bd1 Qe4+ 52. Be2 Ra8 53. Qc3
Qh1+ 54. Bf1 Qe4+ 55. Re2 Qb1+ 56. Kf2 Qb6+ 57. Qe3 Qb1 58. Qc3 Kh7 59. g4 Ra1
60. Qxh3+ Kg8 61. Re3 Qc1 62. Rd3 Qxf4+ 63. Qf3 Qxh2+ 64. Bg2 Ra2+ 65. Kf1 Qxe5
66. Qd5 Qe2+ 67. Kg1 Qe1+ 68. Kh2 Qh4+ 69. Rh3 Qxg4 70. Qd8+ Bf8 71. Rh8+ Kxh8
72. Qxf8+ Kh7 73. Qxf7+ Kh6 74. Qxa2 Qh4+ 75. Kg1 Qe1+ 76. Bf1 Qg3+ 77. Kh1 Qh4+
78. Kg2 Qg4+ 79. Kf2 Qf4+ 80. Ke1 Qe3+ 81. Kd1 Qf3+ 82. Be2 Qh1+ 83. Kd2 Qh2 84.
Qd5 Qf4+ 85. Kd1 Qa4+ 86. Kc1 Qa1+ 87. Kc2 Qa4+ 88. Kd3 Qa3+ 89. Ke4 Qb4+ 90.
Kf3 Qc3+ 91. Kg2 Qf6 92. Qe4 Qg5+ 93. Bg4 Qf6 94. Bf3 Qg5+ 95. Kf2 Qd2+ 96. Be2
Qg5 97. Qh1+ Kg7 98. Qb7+ Kh6 99. Qc6 Qf4+ 100. Ke1 Qb4+ 101. Kd1 Qb1+ 102. Kd2
Qb4+ 103. Kc2 Qf4 104. Bd3 Qf2+ 105. Kb3 Qg3 106. Qd7 Qb8+ 107. Ka3 Qg3 108. Qd4
Kh7 109. Qd5 Qc7 110. Qh5+ Kg8 111. Qxg6+ Kf8 112. Bb5 Qe7+ 113. Ka4 Qa7+ 114.
Kb4 Qe7+ 115. Kc3 Qg7+ 1/2-1/2

[Event "4NCL Rapid Team 2014"]
[Site "Daventry ENG"]
[Date "2014.10.04"]
[Round "3.3"]
[White "Jones, William E G"]
[Black "Sands, David A"]
[Result "1/2-1/2"]
[WhiteElo "2124"]
[BlackElo "2194"]
[WhiteTeam "RSJ"]
[BlackTeam "Barbican 2"]
[WhiteFideId "470554"]
[BlackFideId "402060"]
[EventDate "2014.10.04"]

1. e4 c5 2. Nf3 e6 3. d4 cxd4 4. Nxd4 Nc6 5. Nc3 Qc7 6. Be3 a6 7. Qd2 Nf6 8.
O-O-O Be7 9. f3 b5 10. g4 Nxd4 11. Qxd4 Bb7 12. g5 Nh5 13. Rd2 Rc8 14. Rg1 Bc5
15. Qxc5 Qxc5 16. Bxc5 Rxc5 17. a3 Nf4 18. Bd3 Ke7 19. Ne2 Nxe2+ 20. Rxe2 e5 21.
Kd2 Rd8 22. Rg4 d6 23. h4 Bc8 24. Rg1 Be6 25. Rge1 Rf8 26. Ra1 Bc4 27. a4 Bxd3
28. Kxd3 b4 29. a5 Rb8 30. Ra4 Rbb5 31. c4 bxc3 32. bxc3 Rxa5 33. Rea2 Rxa4 34.
Rxa4 a5 35. c4 Kd7 36. Kc3 Kc7 37. Ra2 Kb6 38. Rb2+ Kc7 39. Ra2 Kb6 40. Rb2+ Kc7
41. Ra2 Kc6 42. Ra1 Kc7 1/2-1/2

[Event "4NCL Rapid Team 2014"]
[Site "Daventry ENG"]
[Date "2014.10.04"]
[Round "4.1"]
[White "Batchelor, Peter J"]
[Black "Jackson, James P"]
[Result "0-1"]
[BlackTitle "FM"]
[WhiteElo "2236"]
[BlackElo "2336"]
[WhiteTeam "Sons of Anarchy Grantham 2"]
[BlackTeam "Barbican 2"]
[WhiteFideId "424854"]
[BlackFideId "416860"]
[EventDate "2014.10.04"]

1. d4 Nf6 2. c4 c5 3. d5 e6 4. Nc3 exd5 5. cxd5 d6 6. e4 g6 7. h3 Bg7 8. Nf3 O-O
9. Bd3 Nh5 10. O-O Nd7 11. Bg5 Bf6 12. Qd2 Ne5 13. h4 Nxf3+ 14. gxf3 Bxg5 15.
Qxg5 f6 16. Qe3 f5 17. Qg5 Qxg5+ 18. hxg5 Nf4 19. Bc4 Nh3+ 20. Kh2 Nxg5 21. Rad1
Nxf3+ 22. Kg2 Ne5 23. Be2 f4 24. f3 Bd7 25. a4 a6 26. Rb1 Rac8 27. Kf2 Kg7 28.
Ke1 g5 29. Kd2 h5 30. b4 c4 31. b5 a5 32. Rh1 Rh8 33. Rbg1 Kf6 34. Nd1 g4 35.
Nf2 g3 36. Nd1 h4 37. Nc3 h3 38. Ke1 Rcg8 39. Nb1 Rc8 40. Nc3 Be8 41. Kd2 h2 42.
Rg2 Bh5 0-1

[Event "4NCL Rapid Team 2014"]
[Site "Daventry ENG"]
[Date "2014.10.04"]
[Round "4.1"]
[White "Poobalasingam, Peter S"]
[Black "Purton, Ben J"]
[Result "0-1"]
[WhiteTitle "FM"]
[WhiteElo "2239"]
[BlackElo "2142"]
[WhiteTeam "Barbican 2"]
[BlackTeam "Sons of Anarchy Grantham 2"]
[WhiteFideId "410683"]
[BlackFideId "411132"]
[EventDate "2014.10.04"]

1. d4 Nf6 2. c4 g6 3. g3 Bg7 4. Nf3 O-O 5. Bg2 d6 6. b3 Nbd7 7. Bb2 e5 8. O-O
exd4 9. Nxd4 Re8 10. Nc3 Nc5 11. Qc2 a5 12. Rad1 Qe7 13. Kh1 c6 14. f3 h5 15.
Bc1 Nfd7 16. Bf4 Ne5 17. Qd2 f6 18. Nc2 Rd8 19. Be3 Be6 20. Bf2 f5 21. Nd4 Bf7
22. Be3 Bf6 23. h4 Bxc4 24. Bf2 Bf7 25. Bg1 d5 26. Qe3 Ne6 27. Qd2 Nxd4 28. Bxd4
c5 29. Bg1 d4 30. Nb5 Bd5 31. e3 Bc6 32. Na3 d3 33. e4 fxe4 34. fxe4 Ng4 35. Rf3
Qxe4 36. Nc4 Qxf3 37. Bxf3 Bxf3+ 38. Qg2 Bxg2+ 39. Kxg2 Rac8 40. Nxa5 Bd4 41.
Rxd3 Bxg1 0-1

[Event "4NCL Rapid Team 2014"]
[Site "Daventry ENG"]
[Date "2014.10.04"]
[Round "4.1"]
[White "Varnam, Liam D"]
[Black "Buchicchio, Giampaolo"]
[Result "0-1"]
[BlackTitle "FM"]
[WhiteElo "2124"]
[BlackElo "2295"]
[WhiteTeam "Sons of Anarchy Grantham 2"]
[BlackTeam "Barbican 2"]
[WhiteFideId "410950"]
[BlackFideId "811491"]
[EventDate "2014.10.04"]

1. e4 b6 2. d4 Bb7 3. Nc3 e6 4. Nf3 c5 5. d5 Nf6 6. Bc4 Na6 7. Qe2 Nc7 8. d6
Bxd6 9. e5 Be7 10. exf6 Bxf6 11. Nb5 Nxb5 12. Bxb5 a6 13. Bd3 b5 14. c3 g5 15.
O-O h5 16. Be3 d6 17. a4 c4 18. Bc2 e5 19. Rad1 Qe7 20. axb5 axb5 21. Ra1 Rb8
22. Ra5 O-O 23. Rfa1 Bc6 24. Nd2 g4 25. Bh6 Rfc8 26. Ne4 Bh8 27. Ra7 Rb7 28. Qe3
f5 29. Bg5 Qe6 30. Ng3 Rf8 31. Rxb7 Bxb7 32. Nxh5 Qd5 33. f3 f4 34. Bxf4 gxf3
35. Bg3 f2+ 36. Qxf2 Rxf2 37. Kxf2 Qxg2+ 38. Ke3 Qxc2 39. Rg1 Qd3+ 40. Kf2 Qd2+
41. Kf1 Qd3+ 42. Ke1 Qe3+ 43. Kf1 Kf7 44. Bf2 Qh3+ 45. Ke1 0-1

[Event "4NCL Rapid Team 2014"]
[Site "Daventry ENG"]
[Date "2014.10.04"]
[Round "4.1"]
[White "Sands, David A"]
[Black "Batchelor, Guy J"]
[Result "1/2-1/2"]
[WhiteElo "2194"]
[BlackElo "1857"]
[WhiteTeam "Barbican 2"]
[BlackTeam "Sons of Anarchy Grantham 2"]
[WhiteFideId "402060"]
[BlackFideId "423106"]
[EventDate "2014.10.04"]

1. d4 d5 2. Nf3 Nf6 3. c4 dxc4 4. e3 b5 5. a4 c6 6. axb5 cxb5 7. b3 Be6 8. bxc4
Bxc4 9. Bxc4 bxc4 10. Qa4+ Qd7 11. Qxc4 Nc6 12. Ba3 e6 13. Bxf8 Kxf8 14. O-O g6
15. Nbd2 Kg7 16. Rfc1 Ne7 17. Ne5 Qd6 18. Qc7 Rhd8 19. Qxd6 Rxd6 20. Rc7 Nfd5
21. Rcxa7 Rxa7 22. Rxa7 f6 23. Nec4 Rc6 24. g3 Kf7 25. Kg2 Rc7 26. Rxc7 Nxc7 27.
Nd6+ Kg7 28. Kf3 h5 29. h3 g5 30. Ke2 Ncd5 31. Kd3 Kg6 32. Nb5 Nc6 33. f3 Ncb4+
34. Ke2 Nc6 35. Nb1 Ncb4 36. N5c3 Nb6 37. Nd2 f5 38. e4 Nc2 39. Nb5 Na4 40. Kd3 1/2-1/2

[Event "4NCL Rapid Team 2014"]
[Site "Daventry ENG"]
[Date "2014.10.04"]
[Round "4.2"]
[White "Smerdon, David"]
[Black "Hall, John"]
[Result "1-0"]
[WhiteTitle "GM"]
[BlackTitle "FM"]
[WhiteElo "2506"]
[BlackElo "2264"]
[WhiteTeam "Guildford"]
[BlackTeam "Leeds University Old Boys 1"]
[WhiteFideId "3202305"]
[BlackFideId "401102"]
[EventDate "2014.10.04"]

1. e4 c5 2. Nf3 d6 3. Bb5+ Nc6 4. O-O Bd7 5. c3 a6 6. Bc4 Nf6 7. Re1 Bg4 8. d4
cxd4 9. cxd4 e5 10. Be3 Bxf3 11. gxf3 Be7 12. d5 Nd4 13. Bxd4 exd4 14. Qxd4 Nh5
15. e5 O-O 16. f4 Qc8 17. Be2 Qf5 18. Bxh5 Qxh5 19. Qe4 Rac8 20. Nc3 b5 21. Qe2
Qf5 22. Qe4 Qg4+ 23. Qg2 Qxf4 24. Re4 Qf5 25. Rae1 Rc4 26. Rxc4 bxc4 27. Qe4
Qxe5 28. Qxe5 dxe5 29. Rxe5 Bf6 30. Re4 Rc8 31. Na4 Kf8 32. Nb6 Rd8 33. Rxc4
Bxb2 34. Kg2 g6 35. Kf3 Kg7 36. Rc8 Rxc8 37. Nxc8 Kf8 38. Ke4 Ke8 39. a4 Kd8 40.
Nb6 f5+ 41. Kd3 Ba3 42. Nc4 Bf8 43. Kd4 Kd7 44. f3 Bd6 45. Nxd6 Kxd6 46. f4 g5
47. fxg5 f4 48. Ke4 f3 49. Kxf3 Kxd5 50. Kf4 a5 51. Kf5 Kc4 52. h4 Kb4 53. h5
Kxa4 54. g6 1-0

[Event "4NCL Rapid Team 2014"]
[Site "Daventry ENG"]
[Date "2014.10.04"]
[Round "4.2"]
[White "McGann, Gary"]
[Black "Wall, Gavin"]
[Result "1/2-1/2"]
[BlackTitle "IM"]
[WhiteElo "2083"]
[BlackElo "2314"]
[WhiteTeam "Leeds University Old Boys 1"]
[BlackTeam "Guildford"]
[WhiteFideId "428345"]
[BlackFideId "2501244"]
[EventDate "2014.10.04"]

1. d4 f5 2. Bf4 Nf6 3. g4 fxg4 4. h3 d5 5. hxg4 Bxg4 6. Qd3 Nc6 7. Nc3 Qd7 8.
Bh3 O-O-O 9. O-O-O e6 10. Bxg4 Nxg4 11. Qg3 Nf6 12. Nb5 Ne4 13. Qh2 Nd6 14. Nc3
Nf7 15. Nf3 Bd6 16. Rdg1 g6 17. e3 Rdf8 18. Ne5 Bxe5 19. Bxe5 Nfxe5 20. dxe5 Qf7
21. f4 Ne7 22. Qe2 Kb8 23. Rg2 d4 24. Ne4 Nd5 25. Nc5 dxe3 26. Qb5 Nb6 27. Rf1
h5 28. Re2 a6 29. Qd3 Qe7 30. Qxe3 Nd5 31. Qd4 g5 32. f5 Rh6 33. f6 Qe8 34. c4 1/2-1/2

[Event "4NCL Rapid Team 2014"]
[Site "Daventry ENG"]
[Date "2014.10.04"]
[Round "4.2"]
[White "Flear, Glenn C"]
[Black "Mossong, Hubert"]
[Result "1-0"]
[WhiteTitle "GM"]
[BlackTitle "FM"]
[WhiteElo "2462"]
[BlackElo "2094"]
[WhiteTeam "Guildford"]
[BlackTeam "Leeds University Old Boys 1"]
[WhiteFideId "400165"]
[BlackFideId "4000030"]
[EventDate "2014.10.04"]

1. d4 d6 2. c4 e5 3. Nc3 c6 4. g3 Be7 5. Bg2 Nf6 6. Bg5 O-O 7. e3 Qc7 8. Nge2
Bf5 9. O-O Nbd7 10. h3 h6 11. Bxf6 Nxf6 12. g4 Be6 13. d5 Bd7 14. Ng3 a6 15. Rc1
c5 16. f4 b5 17. g5 hxg5 18. fxe5 Ne8 19. e6 fxe6 20. Rxf8+ Bxf8 21. dxe6 Bc6
22. Nd5 Bxd5 23. Bxd5 Nf6 24. Bxa8 d5 25. Qf3 d4 26. Nf5 g6 27. Ng3 Bg7 28. Bd5
bxc4 29. Bxc4 Kh7 30. e4 Qe5 31. Bd5 Bh6 32. Rxc5 g4 33. hxg4 Be3+ 34. Kg2 Bf4
35. Ne2 Bh6 36. Qg3 Qg5 37. Rc7+ Kh8 38. Rc8+ Kh7 39. Rc7+ Kh8 40. e7 Ne8 41.
Rd7 Qd2 42. Qf2 d3 43. Ng3 Qb4 44. b3 Qb5 45. Rd8 Bg7 46. Qf8+ Kh7 47. Bg8+ Kh6
48. Qf4+ g5 49. Rd6+ Nxd6 50. Qxd6+ 1-0

[Event "4NCL Rapid Team 2014"]
[Site "Daventry ENG"]
[Date "2014.10.04"]
[Round "4.2"]
[White "Deighton, Simon"]
[Black "Wadsworth, Matthew J"]
[Result "1-0"]
[WhiteElo "2029"]
[BlackElo "2135"]
[WhiteTeam "Leeds University Old Boys 1"]
[BlackTeam "Guildford"]
[WhiteFideId "428132"]
[BlackFideId "415804"]
[EventDate "2014.10.04"]

1. d4 Nf6 2. c4 c5 3. d5 e6 4. Nc3 exd5 5. cxd5 d6 6. e4 g6 7. Nf3 Bg7 8. Bg5
O-O 9. Nd2 a6 10. a4 Re8 11. Be2 Nbd7 12. O-O Qc7 13. Qc2 Rb8 14. Bf4 Ne5 15.
Bg3 Bd7 16. h3 g5 17. Bxe5 Rxe5 18. Nc4 Ree8 19. a5 Bb5 20. Nb6 Bxe2 21. Qxe2
Nd7 22. Nc4 Ne5 23. Ne3 Ng6 24. Nf5 Ne7 25. Ng3 h6 26. Qg4 Qc8 27. Qh5 b5 28. f4
gxf4 29. Rxf4 Ng6 30. Rg4 b4 31. Nd1 Re5 32. Nf5 Qf8 33. Nde3 Rbe8 34. Rf1 Rxe4
35. Nxh6+ Bxh6 36. Rxg6+ fxg6 37. Rxf8+ Rxf8 38. Qxg6+ Bg7 39. Qxe4 1-0

[Event "4NCL Rapid Team 2014"]
[Site "Daventry ENG"]
[Date "2014.10.04"]
[Round "4.3"]
[White "Lawton, Geoff W"]
[Black "Ghasi, Ameet K"]
[Result "0-1"]
[WhiteTitle "IM"]
[BlackTitle "IM"]
[WhiteElo "2399"]
[BlackElo "2475"]
[WhiteTeam "Warwickshire Select"]
[BlackTeam "Sons of Anarchy Grantham 1"]
[WhiteFideId "400483"]
[BlackFideId "409200"]
[EventDate "2014.10.04"]

1. e4 g6 2. d4 Bg7 3. Nc3 d6 4. Be3 c6 5. Qd2 b5 6. h4 Nf6 7. f3 h5 8. Nh3 Bxh3
9. Rxh3 Nbd7 10. Bd3 b4 11. Ne2 Rb8 12. Kf2 e5 13. dxe5 Nxe5 14. Bxa7 Rb7 15.
Be3 O-O 16. Rhh1 d5 17. exd5 Nxd5 18. Rad1 Rd7 19. Bc5 Re8 20. a3 b3 21. cxb3
Nc3 22. Ke1 0-1

[Event "4NCL Rapid Team 2014"]
[Site "Daventry ENG"]
[Date "2014.10.04"]
[Round "4.3"]
[White "Rendle, Thomas E"]
[Black "Mason, Donald J"]
[Result "1-0"]
[WhiteTitle "IM"]
[WhiteElo "2383"]
[BlackElo "2143"]
[WhiteTeam "Sons of Anarchy Grantham 1"]
[BlackTeam "Warwickshire Select"]
[WhiteFideId "408760"]
[BlackFideId "405116"]
[EventDate "2014.10.04"]

1. e4 e6 2. d4 d5 3. Nd2 c5 4. Ngf3 Nf6 5. e5 Nfd7 6. c3 Nc6 7. Bd3 f6 8. exf6
Nxf6 9. O-O cxd4 10. cxd4 Bd6 11. b3 O-O 12. Bb2 Qb6 13. Rc1 Bd7 14. Re1 a5 15.
a3 Rae8 16. Bb1 Re7 17. Nf1 Be8 18. Ng3 Nh5 19. Ng5 Nxg3 20. Bxh7+ Kh8 21. hxg3
g6 22. Qg4 Rxh7 23. Nxh7 Kxh7 24. Qxe6 Nxd4 25. Qe3 1-0

[Event "4NCL Rapid Team 2014"]
[Site "Daventry ENG"]
[Date "2014.10.04"]
[Round "4.3"]
[White "Fallowfield, Jeremy R"]
[Black "Roberson, Peter T"]
[Result "1/2-1/2"]
[BlackTitle "IM"]
[WhiteElo "2046"]
[BlackElo "2415"]
[WhiteTeam "Warwickshire Select"]
[BlackTeam "Sons of Anarchy Grantham 1"]
[WhiteFideId "405450"]
[BlackFideId "412384"]
[EventDate "2014.10.04"]

1. d4 Nf6 2. c4 c5 3. d5 e6 4. Nc3 exd5 5. cxd5 d6 6. e4 g6 7. Nge2 Bg7 8. Ng3
O-O 9. Be2 b6 10. O-O Ba6 11. Bxa6 Nxa6 12. f4 Re8 13. Qf3 Nc7 14. f5 Nd7 15.
fxg6 fxg6 16. Bg5 Ne5 17. Qf4 Qd7 18. Bh6 Rf8 19. Qd2 b5 20. Bxg7 Qxg7 21. b3 c4
22. Nce2 Nd3 23. bxc4 bxc4 24. Qc2 Ne5 25. Nd4 Rab8 26. Nc6 Nxc6 27. dxc6 c3 28.
Ne2 Nb5 29. Rxf8+ Kxf8 30. Rc1 Nd4 31. Nxd4 Qxd4+ 32. Qf2+ Qxf2+ 33. Kxf2 Rb2+
34. Kf3 1/2-1/2